000 00429nam a2200181Ia 4500
005 20240823062435.0
008 240823s9999||||xx |||||||||||||| ||und||
041 _aENGLISH
082 _A004 N4
100 _aSatish Jain
245 0 _aO Level Examination Module
250 _a1st
260 _c1994
_b"BPB,New Delhi"
500 _aYES
650 _aComputer Basics
_bComputer Applications
942 _cBK
999 _c235882
_d235882